♫ Künstler mit Nummer-1-Hits in Deutschland zwischen 2010 und 2019 - Statistiken

Allgemein
  • Dieses Quiz wurde 154 mal gespielt
  • Das Durchschnittsergebnis liegt bei 21 aus 160
Antwortstatistiken
Antwort % Korrekt
Black M
91%
Capital Bra
53%
Rihanna
50%
Apache 207
48%
Ed Sheeran
48%
Shirin David
48%
Faul & Wad Ad
47%
Sido
46%
Justin Bieber
39%
Lady Gaga
39%
David Guetta
37%
Tones and I
36%
Eminem
33%
Shakira
33%
Adele
32%
Bushido
31%
Cro
31%
Kay One
31%
Bonez MC
29%
Bruno Mars
29%
Gzuz
29%
Lena Meyer-Landrut
29%
Lykke Li
29%
Samra
29%
Mero
28%
Drake
27%
RAF Camora
26%
Avicii
25%
Bausa
25%
Pitbull
25%
Rammstein
25%
Robin Schulz
25%
Die Ärzte
24%
Andreas Bourani
23%
Ava Max
23%
T.I.
23%
Britney Spears
21%
Die Toten Hosen
21%
Flo Rida
21%
Kollegah
21%
Pietro Lombardi
21%
Sia
21%
Justin Timberlake
20%
Pink
19%
Jennifer Lopez
18%
Mariah Carey
18%
Dua Lipa
17%
Farid Bang
17%
Luis Fonsi
17%
Psy
17%
Will.i.am
17%
Calvin Harris
16%
Jason Derulo
15%
Shawn Mendes
15%
Kesha
14%
Ufo361
14%
Beatrice Egli
13%
Felix Jaehn
13%
Juju
13%
The Black Eyed Peas
13%
Pharrell Williams
12%
Sean Paul
12%
Ellie Goulding
11%
Lana del Rey
11%
Summer Cem
11%
Eno
10%
Luciano
10%
Wiz Khalifa
10%
Alan Walker
9%
Charlie Puth
9%
Daft Punk
9%
Henning May
9%
James Blunt
9%
KC Rebell
9%
Loredana
9%
Daddy Yankee
8%
Namika
8%
Nimo
8%
Robin Thicke
8%
Clean Bandit
7%
Marteria
7%
Olly Murs
7%
Omi
7%
Shindy
7%
Trettmann
7%
Aura Dione
6%
Camila Cabello
6%
Demi Lovato
6%
Empire of the Sun
6%
Gotye
6%
Lil Nas X
6%
LMFAO
6%
Loreen
6%
Olexesh
6%
Passenger
6%
Prince Damien
6%
Sam Martin
6%
Anne-Marie
5%
Gigi D'Agostino
5%
Kitschkrieg
5%
Rag 'n' Bone Man
5%
Stromae
5%
Alexandra Stan
4%
Don Omar
4%
Jasmine Thompson
4%
K'naan
4%
Luca Hänni
4%
Rita Ora
4%
Zara Larsson
4%
Edin
3%
Gringo
3%
Kwabs
3%
Lucenzo
3%
Aneta Sablik
2%
Eff
2%
Jennifer Lawrence
2%
Jess Glynne
2%
Keri Hilson
2%
Kimbra
2%
Klingande
2%
Kungs
2%
Lost Frequencies
2%
Marlon Roudette
2%
Marshmello
2%
Meghan Trainor
2%
Mehrzad Marashi
2%
Michel Telo
2%
Miss Platnum
2%
Mr. Probz
2%
Nate Ruess
2%
Yasha
2%
Yolanda Be Cool
2%
Alex Clare
1%
Asaf Avidan
1%
Axwell Ingrosso
1%
Capital Cities
1%
DJ Snake
1%
Francesco Yates
1%
Hava
1%
Imany
1%
Israel Kamakawiwo'ole
1%
Kalazh44
1%
Kyla
1%
Liam Payne
1%
Matt Simons
1%
Pnau
1%
Rizzle Kicks
1%
The Avener
1%
Wizkid
1%
2Chainz
0%
Band Aid 30 Germany
0%
Cookin' on 3 Burners
0%
DCUP
0%
Dynoro
0%
Freshlyground
0%
GoonRock
0%
James Newton Howard
0%
Janieck Devy
0%
Lauren Bennett
0%
Lilly Wood & the Prick
0%
Keine übereinstimmenden Quizze gefunden
Verteilung der Resultate
Anzahl Personen mit jedem Resultat
Perzentil nach korrekt beantworteten Fragen
Ihre Resultats-Entwicklung
Sie haben dieses Quiz noch nicht gespielt